El aire y los sueños. Ensayo sobre la imaginación del movimiento
Uloženo v:
| Hlavní autor: | |
|---|---|
| Další autoři: | |
| Médium: | Neznámo |
| Vydáno: |
México
Fondo de Cultura Económica
1958
|
| Edice: | Brevarios del Fondo de Cultura Económica
139 |
| Témata: | |
| Tagy: |
Přidat tag
Žádné tagy, Buďte první, kdo vytvoří štítek k tomuto záznamu!
|
MARC
| LEADER | 000000000a22000000004500 | ||
|---|---|---|---|
| 001 | 002019 | ||
| 020 | |a 968-16-4178-7 | ||
| 041 | 0 | |a español | |
| 092 | 0 | |a 808.1 B126a | |
| 100 | 1 | |a Bachelard, Gaston |d 1884-1962 | |
| 700 | 1 | 2 | |a Champourcin, Ernestina de, |e traducción |
| 245 | 1 | 3 | |a El aire y los sueños. Ensayo sobre la imaginación del movimiento |
| 260 | |a México |b Fondo de Cultura Económica |c 1958 | ||
| 300 | |a 328 páginas | ||
| 440 | 0 | |a Brevarios del Fondo de Cultura Económica |v 139 | |
| 500 | |a número de inscripción 01259 -- Título original: L' air et les songes. Esai sur l' imagination du mouvement | ||
| 650 | 4 | |a POESIA | |
| 650 | 4 | |a HISTORIA Y CRITICA | |
| 999 | |c 2899 |d 2899 | ||



